000 00446nam a22001817a 4500
003 OSt
005 20211111161540.0
008 211111b |||||||| |||| 00| 0 eng d
020 _a0721659209
040 _cHAWASSA UNIVERSITY
050 _a636.1089/MCK
_b1
082 _a636.1089/MCK
_b1
100 _aMCKIBBIN LIOYD S.
_917937
245 _aHORSE OWNERS HANDBOOK
260 _aLONDON
_bTORONTO
_c1977
300 _a420
942 _2ddc
_cBOOKS
_n0
999 _c17789
_d17789